Statistics for Longest Altitude Increasing Country Chain

Click here to take the quiz!

General Stats

  • This quiz has been taken 55 times
  • The average score is 16 of 18

Answer Stats

COUNTRY% Correct
China
100%
Russia
98%
Nepal
94%
Kazakhstan
94%
Turkey
90%
Tajikistan
88%
Kyrgyzstan
88%
Albania
88%
Greece
88%
Georgia
87%
Bulgaria
87%
Macedonia
87%
Kosovo
87%
Bosnia and Herzegovina
87%
Serbia
87%
Croatia
85%
Montenegro
83%
Hungary
81%

Score Distribution

Percentile by Number Answered

Percent of People with Each Score

Your Score History

You have not taken this quiz